| 000 | 00819nam a2200121Ia 4500 | ||
|---|---|---|---|
| 008 | 220620s9999||||xx |||||||||||||| ||und|| | ||
| 245 | 0 | _aCultural Integration of Immigrants in Europe | |
| 546 | _aEnglish[eng] | ||
| 650 | _aimmigration||european models of integration||economic integration||integration of immigrants||cultural integration||Eastern Europe||Ethnic group||Germany||Second-generation immigrants in the United States||Switzerland | ||
| 700 | _aAlgan, Yann||Bisin, Alberto||Manning, Alan||Verdier, Thierry | ||
| 856 | _uhttps://library.oapen.org/bitstream/20.500.12657/33862/1/453470.pdf||https://library.oapen.org/bitstream/20.500.12657/33862/1/453470.pdf||https://library.oapen.org/bitstream/20.500.12657/33862/1/453470.pdf||https://library.oapen.org/bitstream/20.500.12657/33862/1/453470.pdf | ||
| 942 | _cEB | ||
| 999 |
_c21510 _d21510 |
||